<?xml version="1.0" encoding="UTF-8"?>
<record
    xmlns:xsi="http://www.w3.org/2001/XMLSchema-instance"
    xsi:schemaLocation="http://www.loc.gov/MARC21/slim http://www.loc.gov/standards/marcxml/schema/MARC21slim.xsd"
    xmlns="http://www.loc.gov/MARC21/slim">

  <leader>01111nam a2200289 a 4500</leader>
  <controlfield tag="001">BRCA_7502</controlfield>
  <controlfield tag="005">20190320205849.0</controlfield>
  <controlfield tag="008">300413s1927----gw-a######---#000-0#ger-#</controlfield>
  <datafield tag="041" ind1=" " ind2=" ">
    <subfield code="a">ger</subfield>
  </datafield>
  <datafield tag="044" ind1=" " ind2=" ">
    <subfield code="a">gw</subfield>
  </datafield>
  <datafield tag="050" ind1=" " ind2="4">
    <subfield code="a">ND615</subfield>
    <subfield code="b">.B47 1927</subfield>
  </datafield>
  <datafield tag="100" ind1="1" ind2=" ">
    <subfield code="a">Bercken, Erich V. D.</subfield>
    <subfield code="9">18487</subfield>
  </datafield>
  <datafield tag="245" ind1="1" ind2="0">
    <subfield code="a">Malerei der Renaissance in Italien</subfield>
    <subfield code="b">die Malerei der fr&#xFC;h-und hochrenaissance in Oberitalien : unter mitwirk&#xFC;ng von professor August L. Mayer-M&#xFC;nchen</subfield>
    <subfield code="c">von Erich V. D. Bercken ; begr&#xFC;ndet von Fritz Burger ; herausgegeben von A. E. Brinckmann.</subfield>
  </datafield>
  <datafield tag="260" ind1=" " ind2=" ">
    <subfield code="a">Alemania</subfield>
    <subfield code="b">Akademische Verlagsgesellschaft Athenaion</subfield>
    <subfield code="c">1927</subfield>
  </datafield>
  <datafield tag="300" ind1=" " ind2=" ">
    <subfield code="a">274 p.</subfield>
    <subfield code="b">il. (algunas a color), 13 l&#xE1;minas</subfield>
    <subfield code="c">29 cm.</subfield>
  </datafield>
  <datafield tag="440" ind1=" " ind2="0">
    <subfield code="a">Handbuch der Kunstwissenschaft</subfield>
    <subfield code="9">18488</subfield>
  </datafield>
  <datafield tag="500" ind1=" " ind2=" ">
    <subfield code="a">Incluye &#xED;ndice de obras de arte e &#xED;ndice onom&#xE1;stico</subfield>
  </datafield>
  <datafield tag="500" ind1=" " ind2=" ">
    <subfield code="a">R42</subfield>
  </datafield>
  <datafield tag="504" ind1=" " ind2=" ">
    <subfield code="a">Bibliograf&#xED;a p. 262-268</subfield>
  </datafield>
  <datafield tag="650" ind1="1" ind2="4">
    <subfield code="a">Pintura italiana</subfield>
    <subfield code="9">10312</subfield>
  </datafield>
  <datafield tag="650" ind1="1" ind2="4">
    <subfield code="a">Pintura renacentista</subfield>
    <subfield code="9">7759</subfield>
  </datafield>
  <datafield tag="650" ind1="1" ind2="4">
    <subfield code="a">Pintura</subfield>
    <subfield code="x">Historia</subfield>
    <subfield code="9">18489</subfield>
  </datafield>
  <datafield tag="700" ind1="1" ind2=" ">
    <subfield code="a">Burger, Fritz</subfield>
    <subfield code="9">18490</subfield>
  </datafield>
  <datafield tag="700" ind1="1" ind2=" ">
    <subfield code="a">Brinckmann, A. E.</subfield>
    <subfield code="e">ed.</subfield>
    <subfield code="9">18491</subfield>
  </datafield>
  <datafield tag="902" ind1=" " ind2=" ">
    <subfield code="a">GFM</subfield>
  </datafield>
  <datafield tag="942" ind1=" " ind2=" ">
    <subfield code="2">lcc</subfield>
    <subfield code="c">B</subfield>
  </datafield>
  <datafield tag="999" ind1=" " ind2=" ">
    <subfield code="c">7177</subfield>
    <subfield code="d">7177</subfield>
  </datafield>
  <datafield tag="952" ind1=" " ind2=" ">
    <subfield code="0">0</subfield>
    <subfield code="1">0</subfield>
    <subfield code="4">0</subfield>
    <subfield code="7">0</subfield>
    <subfield code="a">BRCA</subfield>
    <subfield code="b">BRCA</subfield>
    <subfield code="d">2013-04-30</subfield>
    <subfield code="i">R42</subfield>
    <subfield code="l">0</subfield>
    <subfield code="o">ND615 .B47 1927 (R42)</subfield>
    <subfield code="p">8106</subfield>
    <subfield code="r">2019-03-22 00:00:00</subfield>
    <subfield code="w">2019-03-22</subfield>
    <subfield code="y">B</subfield>
  </datafield>
</record>
